000 01115nam a2200253Ia 4500
008 130821s2011 ck a gr spa
020 _a978 958 738 214 3
040 _aCo-BoUCM
_bspa
041 0 0 _aspa
100 1 _aCadavid, Margarita
245 1 0 _aMemorias e identidades los sefardíes en Colombia
_cMargarita Cadavid, María del Rosario García
260 _aBogotá (Colombia)
_bEditorial Universidad del Rosario
_c2011
300 _axxvii, 83 paginas
_bilustraciones, gráficas
504 _aIncluye referencias bibliográficas e índice.
650 _aCultura
_xHistoria
_zColombia
_9150
650 _aHispanidad
_zColombia
_916911
650 _aJudíos en España
_xHistoria
_918103
650 _aJudíos
_xHistoria
_zColombia
_918096
650 _aSefarditas
_xHistoria
_zColombia
_924076
651 _aColombia
_xCivilización
_xHistoria
_926606
700 1 _aGarcía, María del Rosario
710 1 _aUniversidad Colegio Mayor de Nuestra Señora del Rosario.
_bFacultades de Ciencia Política y Gobierno y de Relaciones Internacionales
942 _cLIBROUR
_2DEWEY
_a5
_e1
_h303.482
_mC121m
999 _c76492
_d76492